000 00442nam a2200169 a 4500
001 8833
005 20180713192806.0
008 140415s1992 000 0 spa d
041 _aspa
082 _a624.1771
_bROD
100 1 _aRODRIGUEZ PEÑA, DELFINO
245 1 0 _aDISEÑO PRACTICO DE ESTRUCTURAS DE ACERO
250 _a2a ed.
260 _a[s.l.] :
_bLIMUSA,
_c1992
300 _a403
650 1 4 _aDISEO DE ESTRUCTURAS
999 _c8833
_d8833